00868nam a2200277Ia 450000500170000000800410001702000180005804100080007610000240008424500590010825000220016726400310018930000310022033600270025133700330027833800280031149000200033950000420035953400080040158600310040965000330044065000370047370000340051004000350054408400110057920220317001849.0170410s2016 ck g 000 f spa  a9789589016084 aspa1 aPamuk, Orhand1952-10aNievecOrhan Pamuk ; traducción de Rafael Carpintero aPrimera edición aBogotábDebolsilloc2016 a513, [5] páginasc19 cm. atextobtxt2rdacontent asin mediaciónbn2rdamedia avolumenbnc2rdacarrier aContemporánea aIncluye datos biográficos del autor tKar aPremio Nobel de Literatura142LEMBaNovela turcaySiglo XX142LEMBaLiteratura turcaySiglo XX1 aCarpintero, Rafaeletraductor aCO-BoRNBPbspaerdacCO-BoRNBP aN PAM1